Nostramo Lourido y otros cuentos marineros

Guardat en:
Dades bibliogràfiques
Autor principal: Guillén E., Julio F.
Format: Llibre
Idioma:Undetermined
Publicat: Madrid, España Editora Nacional 1969
Matèries:
Etiquetes: Afegir etiqueta
Sense etiquetes, Sigues el primer a etiquetar aquest registre!

MARC

LEADER 00000nam a2200000Ia 4500
008 170316s9999 xx 000 0 und d
040 |a cru BVZT 
090 |a 862 G-48n 
100 |a Guillén E., Julio F. 
245 |a Nostramo Lourido y otros cuentos marineros 
260 |a Madrid, España 
260 |b Editora Nacional 
260 |c 1969 
300 |a 198 páginas 
650 |a LITERATURA ESPAÑOLA 
999 |c 9952  |d 9952 
942 |c 15 D  |h 862 G-48n  |2 z